000 00408nam a2200157 i 4500
001 bg
100 1 _aTATARKIEWICZ, J.
245 0 _aLiteratura firmowa i jej zbiór w bibliotece fachowej /
_cJ. Tatarkiewicz, W. Milewska.
250 _aWyd.2 popr.
260 _aWarszawa,
_c1986.
700 1 _aMILEWSKA, W.
040 _cBPK
041 _apol
942 _cKS
008 s pl f |000 0 pol
999 _c23074
_d23074
856 _uhttp://koha.tu.koszalin.pl/cgi-bin/koha/opac-detail.pl?biblionumber=23074
_yKatalog online BPK